000 00628nam a22001817a 4500
005 20231124143018.0
008 231124b |||||||| |||| 00| 0 eng d
020 _a9789991642123
041 _aEnglish
082 _a340.5 HIN
100 _lEnglish
245 _aCustomary Law Ascertained :
_bThe Customary Law of the Nama, Ovaherero, Ovambanderu and San Communities of Namibia /
_cedited by A Gairiseb
250 _aFirst Edition
260 _aWindhoek :
_bUniversity of Namibia Press,
_c2016
300 _bxvii, 569 pages ;
_c25 cm.
650 _aLegal practice
_bLaw
942 _cBK
_6ALISON_BN_VRIES
999 _c952
_d952